| 000 | 00000nam 2200000za 4500 |
| 001 | 9.603301 |
| 003 | CaOODSP |
| 005 | 20221107134155 |
| 007 | cr ||||||||||| |
| 008 | 150406s2000 onc|||||o f00| 0 fre d |
| 040 | |aCaOODSP|bfre |
| 043 | |an-cn--- |
| 086 | 1 |aM22-132/15-2000F-PDF |
| 110 | 1 |aCanada. |bRessources naturelles Canada. |
| 245 | 10|aGroupe de travail sur les permis échangeables, rapport sommaire |h[ressource électronique] |
| 246 | 17|aGTPE.|nPartie I, |pRapport sommaire. |
| 260 | |aOttawa : |bLe Groupe,|c2000. |
| 300 | |a29p.|btableau |
| 500 | |a«Ébauche, le 16 mars 2000». |
| 590 | |a12-10-Supp|b2012-03-23 |
| 710 | 2 |aSecrétariat national du changement climatique (Canada).|bGroupe de travail sur les permis échangeables. |
| 775 | 08|tTradeable Permits Working Group summary report |w(CaOODSP)9.573070 |
| 776 | 0#|tGroupe de travail sur les permis échangeables: rapport sommaire / |w(CaOODSP)9.625330 |
| 856 | 40|ahttp://publications.gc.ca|qPDF|s98 Ko|uhttps://publications.gc.ca/collections/Collection/M22-132-15-2000F.pdf |